Complétez les paroles : Tous les cris les S.O.S - Statistiques

Statistiques générales
  • Ce quiz a été pris 98 fois
  • Le résultat moyen est 7 sur 9
Statistiques - réponses
Paroles précédentes Paroles manquantes % Correct
Pour te dire que je me sens seulJe dessine à l’encre vide un désert Et je cours Je me raccroche... A la vie
100%
De ceux qui sont dans la faiblesseEt dans un dernier espoir Disparaissent Et je cours Je me raccroche à la vie Je me saoule... Avec le bruit
93%
Des corps qui m’entourentComme des lianes nouées de tresses Sans comprendre la détresse Des mots que j’envoie Tous les... Cris les S.O.S
93%
Je me saoule avec le bruitDes corps qui m’entourent Comme des lianes nouées de tresses Sans comprendre la détresse Des mots... Que j'envoie
88%
Comme un fou va jeter à la merDes bouteilles vides et puis espère Qu’on pourra lire à travers SOS écrit... Avec de l'air
83%
Difficile d’appeler au secours Quand tant de drames nous oppressent Et les larmes nouées de stress Etouffent un peu plus... Les cris d'amour
73%
J’ai recollé tous les morceauxTout était clair comme de l’eau Contre le passé y a rien à faire Il faudrait changer les héros Dans un monde où le plus beau... Reste à faire
70%
Les messages luttentMais les vagues les ramènent En pierres d’étoile sur les rochers Et j’ai ramassé... Les bouts de verre
63%
Partent dans les airsDans l’eau laissent une trace Dont les écumes font la beauté Pris dans leur... Vaisseau de verre
62%
Aucun quiz correspondant
Distribution des résultats
% des personnes avec chaque résultat
Percentile par nombre de réponses
Votre historique - résultats
Vous n’avez pas pris ce quiz